Quizzes
Events
Quiz Creation
Community
Videos
Private Events
Remove Ads
Sign In
Join for FREE
Feedback
Dark Mode
Quiz Categories
Sports
Geography
Music
Movies
Television
Just For Fun
Miscellaneous
History
Literature
Language
Science
Gaming
Entertainment
Religion
Holiday
For Kids
Quiz Lab
Recent
Popular Today
Quiz Kudos Today
Editor Picks
Curator Picks
Quizzes by...
Day
Popularity
Type
Ratings
Length
Year
Community
Subscriptions
Recent Discussions
Orange Saloon
Badges
Playlists
Quests
Create
Leaderboards
Showdown
Live 5
Trivia Bingo
Activity
Puzzle Library
Sporcle Events
Private Events
Virtual Trivia
Globe League
Become a Host
Pub Owners
SporcleCon
Opinionation
Our Games
Videos
Blog
Mobile Apps
Partnerships
Remove Ads and Go Orange
Feedback
Movies
Disney
Marvel Cinematic Universe
Movie Resume
Movie Titles
Oscar
Actor
Actress
Director
Pixar
Role
Movie Quotes
Movie Characters
Box Office
Nominee
Best Picture
Star Wars
James Bond
Horror Movies
Movies
Disney
Marvel Cinematic Universe
Movie Resume
Movie Titles
Oscar
Actor
Actress
Director
Pixar
Role
Movie Quotes
Movie Characters
Box Office
Nominee
Best Picture
Star Wars
James Bond
Horror Movies
Random Quiz
Search Sporcle
×
Quiz Lab
Quiz Lab
Movies
Director
Type in answers that appear in a list
Type in answers that appear in a list
Classic
Best Score? Go Orange.
Taschen's 100 All-Time Favorite Movies Stats
Can you name the Taschen's 100 All-Time Favorite Movies?
By
Duckling
15m
100 Questions
149 Plays
149 Plays
149 Plays
Comments
Comments
Give Quiz Kudos
Give Quiz Kudos
-
- Ratings
hide this ad
More Info
Replay
Link that replays current quiz
Next Quiz
Link to next quiz in quiz playlist
You Got
0%
They Got
Avg Score
64%
Avg Friend Score
Upgrade to see
Score Distribution
Jump to the score distribution portion of the page
Score
0/100
Timer
15:00
0
Plays Today
Director
Movie
% Correct
Orson Welles
Citizen Kane
98.7%
Alfred Hitchcock
Psycho
97.3%
Francis Ford Coppola
The Godfather
96.6%
Fritz Lang
M
95.3%
Steven Spielberg
Jaws
94%
Alfred Hitchcock
Vertigo
93.3%
Quentin Tarantino
Pulp Fiction
93.3%
Stanley Kubrick
2001: A Space Odyssey
92.6%
Martin Scorsese
Taxi Driver
92.6%
Woody Allen
Annie Hall
92.6%
Francis Ford Coppola
Apocalypse Now
92.6%
Stanley Kubrick
Dr. Strangelove or: How I Learned to Stop Worrying and Love the Bomb
91.3%
George Lucas
Star Wars
91.3%
Stanley Kubrick
A Clockwork Orange
90.6%
Robert Zemeckis
Forrest Gump
90.6%
Michael Curtiz
Casablanca
89.9%
Roman Polanski
Chinatown
89.9%
Akira Kurosawa
The Seven Samurai
89.3%
Martin Scorsese
Raging Bull
88.6%
Milos Forman
One Flew Over the Cuckoo's Nest
87.9%
Victor Fleming
Gone With the Wind
87.2%
D.W. Griffith
The Birth of a Nation
86.6%
Charles Chaplin
Modern Times
86.6%
Ridley Scott
Blade Runner
86.6%
David Lynch
Blue Velvet
85.9%
David Lean
Lawrence of Arabia
85.2%
Jonathan Demme
The Silence of the Lambs
85.2%
Billy Wilder
Some Like It Hot
84.6%
Ang Lee
Crouching Tiger, Hidden Dragon
82.6%
Buster Keaton & Clyde Bruckman
The General
81.9%
Sam Mendes
American Beauty
81.9%
Michael Cimino
The Deer Hunter
81.2%
Fritz Lang
Metropolis
80.5%
John Ford
The Searchers
79.9%
Director
Movie
% Correct
Billy Wilder
Sunset Boulevard
79.2%
Dennis Hopper
Easy Rider
78.5%
Brian De Palma
Scarface
78.5%
Charles Chaplin
The Gold Rush
76.5%
Mike Nichols
The Graduate
76.5%
Sergio Leone
Once Upon a Time in the West
75.2%
Carol Reed
The Third Man
74.5%
Paul Thomas Anderson
Magnolia
73.2%
William Wyler
Ben-Hur
72.5%
F.W. Murnau
Nosferatu
71.8%
Sam Peckinpah
The Wild Bunch
71.8%
Federico Fellini
La Dolce Vita
68.5%
Sergei M. Eisenstein
Battleship Potemkin
67.8%
Joseph L. Mankiewicz
All About Eve
67.8%
Akira Kurosawa
Rashomon
67.8%
John Huston
The Treasure of the Sierra Madre
67.1%
Elia Kazan
A Streetcar Named Desire
65.8%
Merian C. Cooper & Ernest B. Schoedsack
King Kong
65.1%
Curtis Hanson
L.A. Confidential
64.4%
Alfred Hitchcock
Notorious
63.8%
Arthur Penn
Bonnie and Clyde
63.8%
Bob Fosse
Cabaret
61.1%
François Truffaut
The 400 Blows
60.4%
Robert Mulligan
To Kill a Mockingbird
60.4%
John Schlesinger
Midnight Cowboy
60.4%
Fred Zinnemann
High Noon
58.4%
Leo Mccarey
Duck Soup
57%
Charles Laughton
Night of the Hunter
57%
Vittorio De Sica
Bicycle Thieves
56.4%
David Lean
Doctor Zhivago
55.7%
Ingmar Bergman
Wild Strawberries
55%
George Miller
Mad Max
54.4%
Nicholas Ray
Rebel Without a Cause
53.7%
John Boorman
Deliverance
53.7%
Director
Movie
% Correct
Ingmar Bergman
Fanny and Alexander
53.7%
John Woo
Face\Off
51.7%
John Huston
The African Queen
49.7%
Guy Hamilton
Goldfinger
49%
Andrei Tarkovsky
Andrei Rublev
49%
Jean Cocteau
Beauty and the Beast
48.3%
Werner Herzog
Fitzcarraldo
48.3%
Samuel Armstrong, James Algar et al*
Fantasia
47.7%
Pedro Almodóvar
All About My Mother
47.7%
Federico Fellini
La Strada
45%
Blake Edwards
Breakfast at Tiffany's
43%
Cecil B. DeMille
The Ten Commandments
41.6%
Wong Kar-
Wai
Chungking Express
41.6%
Michelangelo Antonioni
L'Avventura
40.9%
John Cassavetes
A Woman Under the Influence
40.9%
Howard Hawks
The Big Sleep
38.9%
Jean Renoir
The Grand Illusion
38.3%
George Stevens
Giant
35.6%
David Cronenberg
Dead Ringers
34.9%
Ernst Lubitsch
To Be or Not to Be
34.2%
Thomas Vinterberg
The Celebration
31.5%
Henri-
Georges Clouzot
The Wages of Fear
30.9%
Luis Buñuel
The Discreet Charm of the Bourgeoisie
30.2%
Volker Schlöndorff
The Tin Drum
26.8%
Jean-
Luc Godard
Pierrot le Fou
25.5%
Josef Von Sternberg
The Blue Angel
23.5%
Luchino Visconti
Death in Venice
22.8%
Paul Verhoeven
The Fourth Man
20.1%
Luis Buñuel
The Young and the Damned
17.4%
René Clair
Under the Roofs of Paris
14.1%
Louis Malle
Elevator to the Gallows
14.1%
Christian-
Jaque
Fanfan the Tulip
12.8%
Quiz Playlist
Details
Report
Send in Message
Add To Playlist
More Info:
*Animation
Classic:
Type in answers that appear in a list
Last Updated: Feb 16, 2017
Quiz Scoreboard
CHALLENGE
Sign Up to Join the Scoreboard
Show All
Scores
Hide
Comments
May contain spoilers
Recently Published
TV Characters by Other Roles V
by ghcgh
Television
5m
Decade Duel: World Leaders
by jenniferyan
History
4m
Alphabetical 'K' Countries by Flag Minefield
by ylime102
Geography
3m
More to Explore
Quiz From the Vault
Featured Blog Post
15 Basketball Trivia Facts You Can Be March Mad About
hide this ad
You Might Also Like...
Tags
Director Quiz
100
Favorite
Today's Top Quizzes in Movies
Browse Movies
hide this ad
Today's Top Quizzes in Director
Browse Director
Top Contributed Quizzes in Movies
1
Pick 6: Harry Potter
2
Pick 6: Movie Franchises
3
Pick 6: Actors
4
Pick 6: Actresses
5
Pick 6: Disney Princesses
6
Decade Duel: Best Picture Winner
7
Movies of the Seasons
8
Match The President To The Fictional Crisis
9
Decade Duel: Disney Animated Movies
10
Movie Seasons
Explore More
Trending Topics
Crossword
Anime
Kpop
Disney
Harry Potter
NBA
Marvel
Song
WWE
Pokémon
NFL
Country
Puzzle
Soccer
The Office
hide this ad
More By:
Duckling
Quiz
Plays
Rating
Category
Featured
Created
100 Directors: New and Old
339
4.17
Movies
Jun 18, 2011
Taschen's 100 All-Time Favorite Movies
149
4.00
Movies
Jan 26, 2013
Name the Director Part II
100
4.67
Movies
Jan 10, 2011
Name the Director Part I
89
4.67
Movies
Jan 9, 2011
Name the Director Part III
75
4.33
Movies
Jan 13, 2011
Go to Creator's Profile
Score Distribution
Quiz Creator Spotlight
Duckling
Follow
Send a Message
Quizzes Created
-
Created Quiz Play Count
-
More By This Creator
Popular Quizzes Today
1
Countries of Asia Without Outlines Minefield
2
Find the US States - No Outlines Minefield
3
Pick 6: Fruits
4
The Countries of the World
5
Alphabetical 'K' Countries by Flag Minefield
6
Find the Countries of Europe - No Outlines Minefield
7
US States
8
Find the US States
More Movies Quizzes
Disney Movie Object Match
Published
Trending Quizzes
Pick 6: Mountains
Pick 6: Harry Potter
Pick 6: Flags
Pick 6: NFL Teams
Pick 6: Movie Franchises
Recently Updated
Adaptations: Name the Title
pecheneg
NWSL Teams
pecheneg
Women's Final Four Teams by Year
bhenderson79
Presidents Quartet II
eogle
Anything But Clue(do)
eogle
Anything But Oceanian Capitals
eogle
Anything But 7
eogle
Anything But Thing
eogle
Word Ladder: February 29
pecheneg
Song Title Questions
pecheneg
Trending Topics
Anime
Harry Potter
Kpop
Marvel
NBA
Disney
Crossword
Puzzle
The Office
Song
Soccer
Pokémon
Country
WWE
NFL
Your Account Isn't Verified!
In order to create a playlist on Sporcle, you need to verify the email address you used during registration. Go to your
Sporcle Settings
to finish the process.
Report this User
Report this user for behavior that violates our
Community Guidelines
.
Details:
Send Report
Go to the Sporcle.com Mobile Site →
Comments